| 000 | 00000nam##2200000za#4500 |
| 001 | 9.643117 |
| 003 | CaOODSP |
| 005 | 20210624224024 |
| 007 | cr ||||||||||| |
| 008 | 150407|2002||||xxc|||||o f|0| 0 fre|d |
| 040 | |aCaOODSP|bfre |
| 043 | |an-cn--- |
| 086 | 1 |aEn14-165/2002F-PDF |
| 110 | 1 |aCanada. |bEnvironnement Canada. |
| 245 | 10|aMazouts à faible teneur en soufre : |h[ressource électronique]|bestimation préliminaire des coûts pour l'industrie canadienne basée sur des données européennes / |c[par] Lyne Monastesse et Mark Tushingham. |
| 260 | |aOttawa - Ontario : |bEnvironnement Canada |cAoût 2002. |
| 300 | |a13p.|btableaux |
| 590 | |a14-21-Supp|b2014-12-11 |
| 691 | 07|aCarburant|2gcpds |
| 691 | 07|aProtection de l'environnement|2gcpds |
| 775 | 08|tLow sulphur fuel oils : |w(CaOODSP)9.699078 |
| 856 | 40|ahttp://publications.gc.ca|qPDF|s50 Ko|uhttps://publications.gc.ca/collections/collection_2014/ec/En14-165-2002-fra.pdf |